000 00922nam a22003017a 4500
001 BR0001240
003 BR-BrBNA
005 20230928100609.0
007 ta
008 230509b bl.||||| |||| 00| 0 por d
040 _aBR-BrBNA
_bpor
_cBiblioteca Nacional de Agricultura
041 _a(Por)
072 _aE14; E13
090 _ E14 BR0001240
110 1 _aMinisterio do Planejamento, Orcamento e Gestao, Brasilia, DF (Brasil). Secretaria de Planejamento e Avaliacao
_97154
245 1 _aAvanca Brasil, plano plurianual 2000-2003, projeto de lei
260 3 _aBrasilia, DF (Brasil):
_c1999.
300 _av. 1-2
500 _aNumerical data
650 _aPlanejamento Economico
650 _aOrcamento
650 _aPolitica Nacional
650 _aPolitica Governamental
650 _aDados Estatisticos
650 _aProjeto de Desenvolvimento
909 _a202309
_bLucia
_c55
_dLucia Elande
942 _cBK
999 _c61976
_d61976